Sports General Knowledge #6 by Meast - Statistics

General Stats
  • This quiz has been taken 39 times
  • The average score is 7 of 20
Answer Stats
Hint Answer % Correct
How many teams in the NFL have red in their logo? 13
90%
What is the term when a single batter hits for a single, double, triple, and HR in the same game? Cycle
73%
What is the NBA team that has the longest name and doesnt end in an S? Thunder
63%
What year did the NFL change the rules to allow certain positions to wear single digit numbers? 2021
60%
In hockey and in lacrosse, what is the term used when 2 players meet to start the game? Faceoff
53%
Who won the Sugar Bowl in the 2020-2021 CFP? Ohio State
50%
As of the end of the 2025 MLB season, how many perfect games have been thrown in the MLB? 24
47%
What is the term in a swimming race when all 4 strokes are used in the same race? Medley
40%
What year did the three point line become established in the NBA? 1979
33%
Who is the all time assist leader in the NHL? Wayne Gretsky
33%
Who is the only player in NBA history to achieve a triple double without scoring? Draymond Green
27%
As of 2025, who was the last defensive player to win the Super Bowl MVP? Von Miller
27%
Where was the 1980 Winter Olympics held? Lake Placid
23%
What is the name of the stadium where the New York Islanders used to play? Nassau Veterans Memorial Coliseum
23%
Who is the all time sacks leader in the NFL? Bruce Smith
17%
Who won the 2018 Frozen Four? Minnesota Duluth
17%
Who won the most outstanding player in the 2019 Final Four? Kyle Guy
13%
Who is the boxer who goes by the nickname "The Bronze Bomber?" Deontay Wilder
10%
Who did Connor McGregor beat in UFC 205 to hold 2 championship belts in 2 different weight classes? Eddie Alvarez
10%
Who won the John Wooden award in 2011? Jimmer Fredette
7%
No matching quizzes found
Score Distribution
Percent of People with Each Score
Percentile by Number Answered
Your Score History
You have not taken this quiz